The scribe remembered : (Record no. 91997)
[ view plain ]
| 000 -LEADER | |
|---|---|
| fixed length control field | 00815nam a22002177a 4500 |
| 005 - DATE AND TIME OF LATEST TRANSACTION | |
| control field | 20150227142952.0 |
| 010 ## - LCCN (DPL NO) | |
| LC control number | ENG-112268 |
| 020 ## - INTERNATIONAL STANDARD BOOK NUMBER | |
| International Standard Book Number | 9789350870556 |
| Terms of availability | 450.00 |
| 035 ## - SYSTEM CONTROL NUMBER | |
| System control number | EN-95800 |
| 037 ## - SOURCE OF ACQUISITION | |
| Source of stock number/acquisition | DBAD/PUB |
| 245 ## - TITLE STATEMENT | |
| Title | The scribe remembered : |
| Remainder of title | N. Gopinathan Nair-his life and times / |
| Statement of responsibility, etc | edited by K. Sarafamoni |
| 260 ## - PUBLICATION, DISTRIBUTION, ETC. (IMPRINT) | |
| Place of publication, distribution, etc | Thiruvanthapuram |
| Name of publisher, distributor, etc | K. Saradamoni |
| Date of publication, distribution, etc | 2012 |
| 300 ## - PHYSICAL DESCRIPTION | |
| Extent | 480 pages, 22 unnumbered pages of plates : |
| Other physical details | ill.(some col.) |
| Dimensions | 24cm(pbk) |
| 520 ## - SUMMARY, ETC. | |
| Summary, etc | Festschrift for a communist activist and Malayalam journalist from Kerala, India. |
| 600 ## - SUBJECT ADDED ENTRY--PERSONAL NAME | |
| Personal name | Janayugaṃ Gōpi, |
| Dates associated with a name | 1923-1991. |
| 650 ## - SUBJECT ADDED ENTRY--TOPICAL TERM | |
| Topical term or geographic name as entry element | Communists |
| Geographic subdivision | India |
| -- | Kerala |
| Form subdivision | Biography. |
| 650 ## - SUBJECT ADDED ENTRY--TOPICAL TERM | |
| Topical term or geographic name as entry element | Journalists |
| Geographic subdivision | India |
| -- | Kerala |
| Form subdivision | Biography. |
| 700 ## - ADDED ENTRY--PERSONAL NAME | |
| Personal name | Janayugaṃ Gōpi, |
| Dates associated with a name | 1923-1991, |
| 700 ## - ADDED ENTRY--PERSONAL NAME | |
| Personal name | Saradamoni, K. |
| 942 ## - ADDED ENTRY ELEMENTS (KOHA) | |
| Source of classification or shelving scheme | Dewey Decimal Classification |
| Item type | English Books |
| Call number suffix | SCI |
| Withdrawn status | Lost status | Not for loan | Collection code | Home library | Current library | Date acquired | Source of acquisition | Cost, normal purchase price | Full call number | Barcode | Copy number | Cost, replacement price | Koha item type |
|---|---|---|---|---|---|---|---|---|---|---|---|---|---|
| Not For Loan | Non-fiction | D.B.Act.Division | D.B.Act.Division | 27/02/2015 | DBAD/PUB | 450.00 | SCI | EN-95800 | 1 | 450.00 | English Books |
